000 01402nam a2200337 a 4500
001 ebr10522046
003 CaPaEBR
006 m u
007 cr cn|||||||||
008 120131s2010 enkab sb 001 0 eng d
020 _z9781845119713
020 _z9780857720542 (e-book)
040 _aCaPaEBR
_cCaPaEBR
035 _a(OCoLC)771999517
043 _aa-le---
050 1 4 _aHV640.5.P36
_bR63 2010eb
100 1 _aRoberts, Rebecca.
245 1 0 _aPalestinians in Lebanon
_h[electronic resource] :
_brefugees living with long-term displacement /
_cRebecca Roberts.
260 _aLondon :
_bI.B. Tauris,
_c2010.
300 _axii, 241 p. :
_bill., maps.
490 1 _aInternational library of postwar reconstruction and development ;
_v4
504 _aIncludes bibliographical references and index.
533 _aElectronic reproduction.
_bPalo Alto, Calif. :
_cebrary,
_d2013.
_nAvailable via World Wide Web.
_nAccess may be limited to ebrary affiliated libraries.
650 0 _aRefugees, Palestinian Arab
_zLebanon.
650 0 _aJewish-Arab relations.
651 0 _aLebanon
_xHistory
_y1946-
655 7 _aElectronic books.
_2local
710 2 _aebrary, Inc.
830 0 _aInternational library of postwar reconstruction and development ;
_v4.
856 4 0 _uhttp://site.ebrary.com/lib/rucke/Doc?id=10522046
_zAn electronic book accessible through the World Wide Web; click to view
999 _c238351
_d238351